Statistics for Daddyphatsnaps' 2021 Songs

Click here to take the quiz!

General Stats

  • This quiz has been taken 2 times
  • The average score is 15 of 33

Answer Stats

Inspired BySongFeature% Correct
Dabi from My Hero AcademiaFallenMcGwire
100%
Squid GameGganbuNone
100%
Omni-Man from InvincibleInvincibleNone
100%
Sakuna from Jujustu KaisenKing MeNone
100%
The Beast Titan from Attack On TitanMonke BarsHam Sandwich
100%
Invincible from InvincibleSins Of The FatherFabvL
100%
Venom from Marvel ComicsThere Will Be CarnageMusicality
100%
Gojo from Jujustu KaisenBlindfold SwagPE$O PETE
50%
The Batman Who Laughs from DC ComicsFinal LaughDivide Music
50%
Dr. Stone from Dr. StoneGet ExcitedKhantrast
50%
Promised NeverlandMomSailorUrLove
50%
Kenpachi from BleachOn My MindNone
50%
Mikey from Tokyo RevengersOn The SetMcGwire & Mix William
50%
Blackbeard from One PiecePirate KingsPE$O PETE & Musicality
50%
Akaza from Demon SlayerScary HoursPE$O PETE
50%
L from Death NoteThe Death NoteNone
50%
Eren Yaeger from Attack On TitanTitansShao Dow
50%
Gohan from DragonballUltimateNone
50%
Todo from Jujustu KaisenWhat's Your TypeTy Wild & PE$O PETE
50%
OrignalWho Am IGhen
50%
Luffy from One PieceWho Are You?None
50%
Kaido from One PieceYonko MusicTy Wild, 954mari, PE$O PETE & shirobeats
50%
Josuke from Jojo's Bizarre AdventuresDiamond Is UnbreakableNone
0%
Nine from My Hero AcademiaHeroes FallingNone
0%
Killua from Hunter x HunterIn The DarkFabvL
0%
Alucard from Hellsing UltimateLevel 0None
0%
Carnage from Marvel ComicsMaximum CarnageNone
0%
Mahito from Jujustu KaisenMy DomainMusicality
0%
Zeno from DragonballOmni KingFabvL, Breeton Boi & Ham Sandwich
0%
Thorfinn from Vinland SagaSon Of ThorsChi-Chi
0%
Viktor from Arcane: League Of LegendsThe UndercityGoldenEMP
0%
Zoro from One PieceTriple ThreatNone
0%
Alucard from Hellsing Ultimate AbridgedWalkTakahata101
0%

Score Distribution

Percentile by Number Answered

Percent of People with Each Score

Your Score History

You have not taken this quiz